000 00633nam a2200265Ia 4500
005 20260121173337.0
008 008 260114s9999 xx 000 0 eng d
020 _a9789811639685
037 _aEBOOK
040 _aCRL
040 _beng
040 _cCRL
041 _2eng
041 _aeng
084 _qCRL
100 _aHailun Liang
_91099686
245 4 _aThe Impact of Patient-Centered Care
260 _bSpringer
260 _bSpringer
260 _c2022
856 _uhttps://link.springer.com/openurl?genre=book&isbn=978-981-16-3968-5
942 _cEBOOK
999 _c1665430
_d1665430